|
|
|
|
| LEADER |
00961nam a2200241 a 4500 |
| 001 |
12485099 |
| 008 |
090616s2001 ii b 001 0 eng d |
| 010 |
|
|
|a 2001293434
|
| 020 |
|
|
|a 0195656237
|
| 040 |
|
|
|a DLC
|c DLC
|d DLC
|
| 082 |
0 |
0 |
|a 174/.4
|2 21
|
| 100 |
1 |
|
|a Chakraborty, S. K.
|
| 245 |
1 |
4 |
|a The management and ethics omnibus /
|c S.K. Chakraborty.
|
| 260 |
|
|
|a New Delhi ;
|a New York :
|b Oxford University Press,
|c 2001.
|
| 300 |
|
|
|a 1 v. (various pagings) ;
|c 22 cm.
|
| 504 |
|
|
|a Includes bibliographical references and indexes.
|
| 541 |
1 |
|
|e 00013349
|
| 505 |
0 |
|
|a Management by values -- Ethics in management -- Values and ethics for organizations.
|
| 650 |
|
0 |
|a Business ethics.
|
| 650 |
|
0 |
|a Management
|x Moral and ethical aspects.
|
| 852 |
4 |
|
|a Ayesha Abed Library
|j General Shelf.
|
| 999 |
|
|
|c 1713
|d 1713
|
| 952 |
|
|
|0 0
|1 0
|2 ddc
|4 0
|6 174_400000000000000_CHA
|7 0
|9 1569
|a BRACUL
|b BRACUL
|c GEN
|d 2009-06-28
|g 615.00
|l 0
|o 174.4 CHA
|p 3010013349
|r 2009-06-28
|t 1
|w 2009-06-28
|y BK
|